000
00391nam a22001697a 4500
003
MPLRDC
005
20220104124225.0
008
210129b ||||| |||| 00| 0 eng d
082
_a
539.8 SWR
100
_a
苏威仁主编
245
_a
笑点. 笑典
_c
260
_a
_b
泉源出版社
_c
1991
300
_b
平
490
_a
笑语人生
650
_a
笑话
942
_c
BK
_o
539.8 SWR
999
_c
17615
_d
17605